Creole Languages - Statistics

General Stats
  • This quiz has been taken 135 times
  • The average score is 6 of 10
Answer Stats
Hint Answer % Correct
Louisiana United States
96%
Juba Arabic South Sudan
73%
Betawi Indonesia
68%
Chiac Canada
60%
Bislama Vanuatu
59%
Chavacano Philippines
53%
São Vicente Cape Verde
51%
Annobonese Equatorial Guinea
41%
Krio Sierra Leone
36%
Palenquero Colombia
32%
No matching quizzes found
Score Distribution
Percent of People with Each Score
Percentile by Number Answered
Your Score History
You have not taken this quiz